00313nam a2200133Ia 45000030006000000080041000060400015000471000037000622450032000992500010001312600009001415460012001500050017001620STCL150530s9999 xx 000 0 und d aSTCLcSTCL aDiamond, D.R.; Mc Loughlin, J.B. aProgress in planning Vol- I aFirst c1977 aEnglish20220125165627.0